000 00604nam a22002297a 4500
001 32161
003 UA-OsUOA
005 20220702123842.0
007 ta
008 20050124b un ||||| |||| 00| 0 ukr d
040 _aUA-OsUOA
_brus
_cUA-OsUOA
_dUA-OsUOA
041 _arus
044 _aRU
080 _a94(477)(092)
090 _a94(477)(092)
_bС48
245 _aСлово о полку Игореве
_cред. Т. Сумарокова
260 _aМосква
_bХудожественная литература
_c1964
300 _a68 с.
650 7 _2UDC
942 _cBK
_2udc
955 _a0
999 _c318599
_d318599